Doing research in organizations / (Record no. 1726)
| 000 -LEADER | |
|---|---|
| fixed length control field | 01477nam a22002057a 4500 |
| 003 - CONTROL NUMBER IDENTIFIER | |
| control field | OSt |
| 005 - DATE AND TIME OF LATEST TRANSACTION | |
| control field | 20190917102438.0 |
| 008 - FIXED-LENGTH DATA ELEMENTS--GENERAL INFORMATION | |
| fixed length control field | 150504b xxu||||| |||| 00| 0 eng d |
| 020 ## - INTERNATIONAL STANDARD BOOK NUMBER | |
| International Standard Book Number | 9780415002585 |
| 050 ## - LIBRARY OF CONGRESS CALL NUMBER | |
| Classification number | HM131.D625 1988 |
| 245 ## - TITLE STATEMENT | |
| Title | Doing research in organizations / |
| Statement of responsibility, etc | Alan Bryman. ed |
| 260 ## - PUBLICATION, DISTRIBUTION, ETC. (IMPRINT) | |
| Place of publication, distribution, etc | London ; New York : |
| Name of publisher, distributor, etc | Routledge, |
| Date of publication, distribution, etc | 1988. |
| 300 ## - PHYSICAL DESCRIPTION | |
| Extent | xii, 180 p. ; |
| Other physical details | 25 cm. |
| 500 ## - GENERAL NOTE | |
| General note | Includes indexes. |
| 504 ## - BIBLIOGRAPHY, ETC. NOTE | |
| Bibliography, etc | Bibliography: p. [162]-173. |
| 505 ## - FORMATTED CONTENTS NOTE | |
| Formatted contents note | Introduction: "inside" accounts and social research in organizations / Alan Bryman -- Regulating research : politics and decision making in industrial organizations / Huw Beynon -- Insights on site : research into construction project organizations / Mike Bresnen -- Getting in, getting on, getting out, and getting back / David Buchanon, David Boddy, and James McCalman -- Researching white collar organizations : why sociologists should not stop doing case studies / Rosemary Crompton and Gareth Jones -- Historical methods and organization analysis : the case of a naval dockyard / David Dunkerley -- In another country / Peter Lawrence -- Connoisseurship in the study of organizational cultures / Barry A. Turner -- The Aston research programme / Derek Pugh -- Ruminations on munificence and scarcity in research / David J. Hickson -- Some reflections upon research in organizations / Martin Bulmer. |
| 650 ## - SUBJECT ADDED ENTRY--TOPICAL TERM | |
| Source of heading or term | LinkOrganization -- Research. |
| 700 ## - ADDED ENTRY--PERSONAL NAME | |
| Personal name | Bryman, Alan. |
| 942 ## - ADDED ENTRY ELEMENTS (KOHA) | |
| Source of classification or shelving scheme | |
| Koha item type | Book |
| Withdrawn status | Lost status | Source of classification or shelving scheme | Damaged status | Not for loan | Home library | Current library | Shelving location | Date acquired | Total Checkouts | Full call number | Barcode | Date last seen | Copy number | Price effective from | Koha item type |
|---|---|---|---|---|---|---|---|---|---|---|---|---|---|---|---|
| Riara University Library | Riara University Library | General stack | 04/05/2015 | HM131.D625 1988 | 5731/15 | 04/05/2015 | C.1 | 04/05/2015 | Book |
